[Event "1/64 Finale"]
[Site "www.chess-mail.com"]
[Date "2019.09.19"]
[Round "1"]
[White "Argento"]
[Black "Orhany24"]
[WhiteElo "2330"]
[BlackElo "2090"]
[Result "0-1"]
[Round "1"]
1.e4 e5
2.Ng1f3 Nb8c6
3.Bf1b5 a6
4.Bb5a4 Ng8f6
5.O-O b5
6.Ba4b3 Bf8e7
7.d4 d6
8.c3 Nc6a5
9.dxe5 Na5xb3
10.axb3 Nf6xe4
{ resign }
0-1

[Event "Tourn. n10201"]
[Site "www.echecsemail.com"]
[Date "2019.09.20"]
[Round "1"]
[White "Tonino1"]
[Black "Wd40"]
[WhiteElo "2210"]
[BlackElo "2640"]
[Result "0-1"]
[Round "1"]
1.d4 Ng8f6
2.Ng1f3 d5
3.e3 c5
4.c3 e6
5.Bf1d3 b6
6.Nb1d2 Bc8b7
7.Nf3e5 Bf8d6
8.f4 O-O
9.O-O Qd8c7
10.Qd1e2 Nb8c6
11.Ne5xc6 Bb7xc6
12.Nd2f3 c4
13.Bd3c2 b5
14.Nf3e5 Bc6e8
15.g4 Nf6e4
16.Bc2xe4 dxe4
17.g5 f6
18.Ne5g4 fxg5
19.fxg5 Rf8f5
20.h4 Rf5xf1
21.Qe2xf1 Be8h5
22.Qf1h3 Qc7f7
23.Bc1d2 Ra8f8
24.Ra1d1 Bh5xg4
25.Qh3xg4 Qf7f2
 { time }
0-1

[Event "Tourn. n10189"]
[Site "www.echecsemail.com"]
[Date "2019.09.20"]
[Round "1"]
[White "Libiesse"]
[Black "Johnmcbride"]
[WhiteElo "1930"]
[BlackElo "1890"]
[Result "1-0"]
[Round "1"]
1.Ng1f3 g6
2.d4 d5
3.c4 dxc4
4.e4 b5
5.Nb1c3 c6
6.a4 a6
7.axb5 cxb5
8.Nc3xb5 Bc8b7
9.Nb5c3 e6
10.Bf1xc4 Bf8g7
11.Bc1e3 Ng8f6
12.e5 Nf6g4
13.Qd1b3 Bb7xf3
14.gxf3 Ng4xe3
15.fxe3 O-O
16.Ke2 Qd8c8
17.Rh1c1 Nb8c6
18.Nc3e4 Ra8b8
19.Qb3a2 a5
20.Ne4d6 Qc8c7
21.Nd6xf7 Nc6b4
22.Qa2xa5 Qc7xf7
23.f4 Nb4c6
24.Qa5c3 Nc6b4
25.Rc1g1 Rf8c8
26.Ra1a4 Nb4d5
27.Qc3c2 Rb8b4
28.Ra4xb4 Nd5xb4
29.Qc2b3 Bg7f8
30.Bc4xe6 Qf7xe6
31.Qb3xe6 { resign }
1-0

[Event "Tourn. n10213"]
[Site "www.echecsemail.com"]
[Date "2019.09.20"]
[Round "1"]
[White "Obisporey"]
[Black "Jerome"]
[WhiteElo "2590"]
[BlackElo "2590"]
[Result "0-1"]
[Round "1"]
1.e4 c5
2.Ng1f3 e6
3.d4 cxd4
4.Nf3xd4 Ng8f6
5.Nb1c3 d6
6.Bc1e3 Nb8c6
7.Bf1e2 Qd8c7
8.Nd4b5 Qc7d8
9.f4 a6
10.Qd1d2 axb5
{ resign }
0-1

[Event "Tourn. n10181"]
[Site "www.echecsemail.com"]
[Date "2019.09.20"]
[Round "1"]
[White "Passaroa25"]
[Black "Hansen"]
[WhiteElo "1780"]
[BlackElo "1720"]
[Result "0-1"]
[Round "1"]
1.Nb1c3 e6
2.d3 Nb8c6
3.e4 a6
4.Qd1d2 b6
5.Ng1e2 Bc8b7
6.Ne2g3 g6
7.Bf1e2 Bf8h6
8.Qd2d1 Nc6d4
9.O-O Bh6g7
10.Bc1d2 Ng8f6
11.f3 d5
12.Bd2e3 dxe4
13.Nc3xe4 O-O
14.c3 Nd4f5
15.Ng3xf5 gxf5
16.Ne4g5 h6
17.Ng5h3 h5
18.Be3g5 c5
19.Nh3f2 Qd8d5
20.c4 Qd5e5
21.h4 Nf6d7
22.Ra1b1 f6
23.Bg5d2 Qe5g3
24.Bd2c3 e5
25.Qd1a4 Ra8d8
26.Nf2h3 e4
27.Bc3e1 Qg3g6
28.Nh3f4 Qg6f7
29.Be1f2 Bg7h6
30.g3 exf3
31.Be2d1 Qf7g7
32.Nf4e6 Qg7e7
33.Ne6xd8 Qe7xd8
34.Qa4c2 Nd7e5
35.b3 Ne5xd3
36.Kh2 f4
37.Kg1 fxg3
38.Bf2xg3 Qd8d4
39.Bg3f2 Qd4g4
40.Kh1 Qg4g2

0-1

[Event "Match"]
[Site "www.echecsemail.com"]
[Date "2019.09.20"]
[Round "1"]
[White "Tarasch"]
[Black "Apdash"]
[WhiteElo "2330"]
[BlackElo "2220"]
[Result "0-1"]
[Round "1"]
1.d4 d5
2.c4 c6
3.Nb1c3 Ng8f6
4.e3 e6
5.Ng1f3 dxc4
6.Bf1xc4 Bf8e7
7.O-O O-O
8.Qd1c2 b5
9.Bc4d3 b4
10.Nc3a4 a5
11.b3 Bc8a6
12.Bd3xa6 Ra8xa6
13.Na4c5 Be7xc5
14.Qc2xc5 Nb8d7
15.Qc5c4 Qd8a8
16.Bc1b2 Nd7b6
17.Qc4c2 Rf8c8
18.Rf1c1 Nb6d5
19.Nf3e5 a4
20.bxa4 Ra6xa4
21.Qc2b3 Nf6e4
22.a3 bxa3
23.Ra1xa3 Ra4xa3
24.Qb3xa3 Qa8b7
25.Qa3a2 f6
26.Ne5d3 Qb7b5
27.Qa2c4 Qb5a5
28.Rc1a1 Qa5d2
29.Ra1f1 c5
30.Bb2a3 Qd2a5
31.Ba3xc5 Ne4d2
32.Qc4c2 Nd2xf1
33.Kxf1 Qa5a1
34.Ke2 g5
35.h3 Nd5c3
36.Kf3 Qa1a8
37.Kg3 Qa8b8
38.f4 Nc3e4
39.Kh2 gxf4
40.Nd3xf4 Ne4xc5
{ resign }
0-1

[Event "Tourn. n10118"]
[Site "www.echecsemail.com"]
[Date "2019.09.20"]
[Round "1"]
[White "Pipas"]
[Black "Passaroa25"]
[WhiteElo "2029"]
[BlackElo "1700"]
[Result "1-0"]
[Round "1"]
1.e4 Nb8c6
2.c3 b6
3.Bf1c4 Nc6e5
4.Nb1a3 c6
5.d4 Ne5xc4
6.Na3xc4 b5
7.Nc4e5 Ng8f6
8.Qd1f3 Bc8b7
9.Bc1g5 h6
10.Bg5xf6 exf6
11.Ne5d3 Bf8e7
12.Nd3c5 Be7xc5
13.dxc5 O-O
14.Ng1e2 g5
15.h3 d5
16.cxd6 Qd8xd6
17.O-O Qd6e5
18.Ne2g3 Bb7c8
19.Ng3h5 f5
20.Rf1e1 g4
21.Qf3e3 Bc8d7
22.Qe3xh6 Qe5h8
23.Nh5f6 Qh8xf6
24.Qh6xf6 Ra8e8
25.exf5 Bd7xf5
26.Re1xe8 Rf8xe8
27.Qf6xc6 Re8b8
28.Ra1e1 gxh3
29.Re1e8 Rb8xe8
30.Qc6xe8 Kg7
31.Qe8xb5 Bf5e6
32.Qb5g5 Kf8
33.Qg5c5 Kg7
34.Qc5xa7 hxg2
35.b4 Kg6
36.b5 Be6d5
37.a4 { resign }
1-0

[Event "Tourn. n10193"]
[Site "www.echecsemail.com"]
[Date "2019.09.20"]
[Round "1"]
[White "Tonino1"]
[Black "Apdash"]
[WhiteElo "2130"]
[BlackElo "2160"]
[Result "0-1"]
[Round "1"]
1.f4 e5
2.e4 Bf8c5
3.Ng1f3 exf4
4.d4 Bc5b6
5.Bc1xf4 d6
6.Bf1c4 Ng8f6
7.Nb1c3 O-O
8.O-O Bc8g4
9.h3 Bg4h5
10.g4 Bh5g6
11.Bc4d3 Rf8e8
12.Rf1e1 Nb8c6
13.a3 Nc6xd4
14.Bf4e3 Nd4xf3
15.Qd1xf3 c6
16.Kh1 Bb6c7
17.Be3g5 Qd8e7
18.h4 h6
19.Bg5xf6 Qe7xf6
20.Qf3xf6 gxf6
21.Re1f1 Kg7
22.Ra1e1 Re8e5
23.h5 Bg6h7
24.Rf1f4 Ra8e8
25.Re1f1 Bc7d8
26.Kg2 b5
27.b4 a6
28.Kg3 c5
29.bxc5 dxc5
30.Nc3d5 c4
31.Nd5xf6 Bd8xf6
32.Bd3xc4 bxc4
33.Rf4xf6 Re8e7
34.Rf6xa6 Re5xe4
35.Rf1f6 Re4e6
36.Ra6xe6 Re7xe6
37.Rf6f4 Bh7xc2
38.Rf4xc4 Bc2b3
39.Rc4b4 Re6e3
40.Kf4 Re3c3
41.Ke5 Bb3e6
42.a4 Rc3c4
43.Rb4xc4 Be6xc4
44.Kf5 Bc4a6
45.g5 hxg5
46.Kxg5 f6
47.Kf5 Ba6c8
48.Kf4 Kh6
49.a5 Kxh5
50.a6 Kg6
51.a7 Bc8b7
52.Kg4 f5
53.Kf4 Bb7a8
54.Kg3 Kg5
55.Kf2 Kf4
56.Kf1 Kg3
57.Kg1 f4
58.Kf1 Kf3
 { time }
0-1

[Event "Match"]
[Site "www.echecsemail.com"]
[Date "2019.09.20"]
[Round "1"]
[White "Andychesston"]
[Black "Fereike"]
[WhiteElo "1970"]
[BlackElo "1399"]
[Result "1/2-1/2"]
[Round "1"]
1.e4 c5
2.Ng1f3 Nb8c6
3.d4 cxd4
4.Nf3xd4 Ng8f6
5.Nb1c3 e5
6.Nd4b5 d6
7.Bf1c4 a6
8.Nb5xd6 Qd8xd6
9.Qd1xd6 Bf8xd6
10.f3 Nc6d4
11.O-O Nd4xc2
12.Ra1b1 Nc2e3
13.Bc1xe3 b5
14.Bc4d5 Nf6xd5
15.Nc3xd5 O-O
16.Rb1d1 Bc8b7
17.Nd5b6 Ra8d8
18.a3 f6
19.Rd1d2 Bd6c7
20.Rf1d1 Rd8xd2
21.Rd1xd2 Rf8d8
22.Rd2c2 Bc7d6
23.Rc2d2 Bd6c7
24.Rd2xd8 Bc7xd8
25.b4 Kf7
26.Kf2 Bd8e7
27.Be3c5 Be7xc5
28.bxc5 Ke6
29.g4 g6
30.h4 h6
31.Kg3 a5
32.Kf2 f5
33.h5 fxg4
34.hxg6 gxf3
35.g7 Kf7
36.Kxf3 b4
37.axb4 axb4
38.Nb6c4 Bb7a6
39.Nc4b2 Kxg7
40.Kg4 Kg6
41.Kh4 Ba6b5
42.Kg4 Bb5d7
{ draw }
1/2-1/2

[Event "Tourn. n10195"]
[Site "www.echecsemail.com"]
[Date "2019.09.21"]
[Round "1"]
[White "Amaya"]
[Black "Jackbauer"]
[WhiteElo "2030"]
[BlackElo "1930"]
[Result "1-0"]
[Round "1"]
1.d4 d5
2.e3 Ng8f6
3.Bf1d3 a6
4.f4 Nb8c6
5.c3 Bc8g4
6.Ng1f3 e6
7.Nb1d2 Bf8e7
8.O-O O-O
9.Qd1e1 h6
10.Nf3e5 Nc6xe5
11.fxe5 Nf6d7
12.e4 c6
13.exd5 exd5
14.Qe1g3 h5
15.Nd2f3 g6
16.h3 Bg4e6
17.Bc1h6 Rf8e8
18.Bd3xg6 { resign }
1-0

[Event "Tourn. n10177"]
[Site "www.echecsemail.com"]
[Date "2019.09.21"]
[Round "1"]
[White "Kevinking"]
[Black "Churrasca"]
[WhiteElo "1980"]
[BlackElo "1980"]
[Result "0-1"]
[Round "1"]
1.e4 Nb8c6
2.d4 e5
3.d5 Nc6e7
4.c4 Ne7g6
5.Nb1c3 Bf8b4
6.Bf1d3 Ng8f6
7.Ng1f3 O-O
8.O-O Bb4xc3
9.bxc3 d6
10.Bc1g5 h6
11.Bg5xf6 Qd8xf6
12.Qd1c2 Bc8g4
13.Nf3d2 Ng6f4
14.f3 Bg4d7
15.Rf1d1 Qf6g5
16.Bd3f1 Nf4h3
17.Kh1 Nh3f2
18.Kg1 Nf2xd1
19.Ra1xd1 Qg5e3
20.Kh1 f5
21.Qc2c1 fxe4
22.Nd2xe4 Qe3xc1
23.Rd1xc1 Bd7f5
24.Ne4g3 Bf5g6
25.h4 Rf8f4
26.h5 Rf4h4
27.Kg1 Bg6xh5
28.Ng3xh5 Rh4xh5
29.Bf1d3 Ra8f8
30.Bd3e4 g5
31.g4 Rh5h4
32.Kg2 h5
33.Be4f5 hxg4
34.Bf5xg4 Rf8f4
35.c5 Rf4a4
36.Rc1c2 Ra4xg4
37.fxg4 Rh4xg4
38.Kh3 Rg4c4
39.cxd6 cxd6
40.Kg3 Kg7
41.a4 Rc4xa4
42.c4 b6
{ resign }
0-1

[Event "Match"]
[Site "www.echecsemail.com"]
[Date "2019.09.21"]
[Round "1"]
[White "Said13"]
[Black "Chapi"]
[WhiteElo "1809"]
[BlackElo "2140"]
[Result "1-0"]
[Round "1"]
1.c4 c5
2.Nb1c3 g6
3.g3 Bf8g7
4.Bf1g2 Ng8f6
5.Ng1f3 O-O
6.O-O Nb8c6
7.d3 b6
8.Ra1b1 Bc8b7
9.Nf3d2 Qd8c8
10.Nd2e4 Nc6d4
11.e3 Nd4c6
12.a3 Nf6xe4
13.Nc3xe4 f5
14.Ne4c3 Nc6e5
15.Nc3d5 Qc8d8
16.Nd5xe7 Qd8xe7
17.Bg2xb7 Ra8e8
18.Bb7d5 Kh8
19.b4 Ne5g4
20.bxc5 Qe7xc5
21.a4 Ng4f6
22.Bd5g2 a6
23.Qd1b3 Re8e6
24.Bc1a3 Qc5a5
25.Ba3xf8 Bg7xf8
26.Rf1c1 Nf6g4
27.d4 Bf8h6
28.Rc1c2 Ng4xe3
29.fxe3 Bh6xe3
30.Kf1 Be3xd4
31.Qb3b4 Qa5xb4
32.Rb1xb4 Re6e3
33.a5 Re3c3
34.Rc2xc3 Bd4xc3
35.Rb4xb6 Bc3xa5
36.Rb6xa6 Ba5b4
37.Ke2 d6
38.Kd3 Kg7
39.Kd4 Kf6
40.Kd5 Bb4c5
41.Ra6xd6 Bc5xd6
42.Kxd6 { resign }
1-0

[Event "Tourn. n10153"]
[Site "www.echecsemail.com"]
[Date "2019.09.21"]
[Round "1"]
[White "Hundegana"]
[Black "Kevinking"]
[WhiteElo "1990"]
[BlackElo "1870"]
[Result "0-1"]
[Round "1"]
1.e4 Ng8f6
2.e5 Nf6d5
3.c4 Nd5b6
4.Qd1b3 d6
5.Ng1f3 Bc8g4
6.exd6 exd6
7.d4 Nb8c6
8.Qb3c3 Bg4xf3
9.gxf3 Bf8e7
10.d5 Be7f6
11.Qc3e3 Nc6e7
12.Nb1d2 O-O
13.Bf1d3 Qd8d7
14.Nd2e4 Qd7h3
15.Ne4xf6 gxf6
16.Rh1g1 Kh8
17.Qe3h6 Qh3xh6
18.Bc1xh6 Rf8g8
19.Ke2 Ne7g6
20.Rg1g4 Ng6e5
21.Rg4g3 Ra8e8
22.Ra1g1 Rg8xg3
23.fxg3 Nb6a4
24.Rg1b1 Na4c5
25.Bd3f5 Ne5g4
26.Kd2 Ng4xh6
27.Bf5c2 a5
28.b4 axb4
29.Rb1xb4 Kg7
30.a4 b6
31.a5 bxa5
32.Rb4b1 a4
33.g4 Nh6g8
34.h4 Ng8e7
35.Kc3 h6
36.h5 Kf8
37.Rb1a1 Re8a8
38.Ra1a3 Ne7c8
39.f4 Nc8b6
40.Kb4 Ke7
41.Kb5 Kd8
42.Bc2h7 Kd7
43.Bh7f5 Kd8
44.Bf5h7 Nc5b3
45.Bh7g8 Ke7
46.Bg8h7 Nb3d4
47.Kb4 f5
48.g5 Nd4c2
49.Kc3 Nc2xa3
50.Bh7xf5 Na3xc4
51.gxh6 Nb6xd5
52.Kxc4 Nd5e3
53.Kb5 Ne3xf5
54.h7 a3
55.Kc6 a2
56.Kxc7 Ra8h8
57.Kc6 a1Q
58.h6 Rh8xh7
59.Kd5 Rh7xh6
60.Ke4 Ke6
61.Kf3 Qa1a3
62.Kg2 Qa3h3
63.Kf2 Qh3g3
64.Ke2 Rh6h2
65.Kf1 Qg3f2
{ resign }
0-1

[Event "Match"]
[Site "www.echecsemail.com"]
[Date "2019.09.21"]
[Round "1"]
[White "Babedad"]
[Black "Tonino1"]
[WhiteElo "2280"]
[BlackElo "2130"]
[Result "0-1"]
[Round "1"]
1.b3 d6
2.Bc1b2 Ng8f6
3.e3 g6
4.c4 Bf8g7
5.d4 c6
6.Ng1f3 O-O
7.Bf1e2 Qd8c7
8.O-O Nb8d7
9.Nb1c3 e5
10.dxe5 dxe5
11.Qd1c2 Nd7c5
12.Rf1d1 h6
13.e4 Bc8e6
14.b4 Nc5a6
15.a3 Ra8d8
16.c5 Na6b8
17.Rd1xd8 Rf8xd8
18.Ra1d1 Rd8xd1
19.Qc2xd1 Qc7d7
20.Qd1xd7 Nb8xd7
21.Nf3d2 Nf6e8
22.Be2c4 Be6xc4
23.Nd2xc4 f5
24.f3 Kf7
25.Nc4a5 b6
26.cxb6 axb6
27.Na5xc6 Ne8d6
28.Nc6a7 Nd6c4
29.Bb2c1 Ke6
30.Na7b5 fxe4
31.fxe4 Nd7f6
32.Nb5c7 Kd6
33.Nc7d5 Nf6xe4
34.Nd5xb6 Ne4xc3
35.Nb6xc4 Kd5
36.Nc4a5 Nc3e2
{ resign }
0-1

[Event "Tourn. n10200"]
[Site "www.echecsemail.com"]
[Date "2019.09.21"]
[Round "1"]
[White "Goofy"]
[Black "Bojan"]
[WhiteElo "2290"]
[BlackElo "2040"]
[Result "1-0"]
[Round "1"]
1.e4 e5
2.Ng1f3 d6
3.d4 exd4
4.Nf3xd4 a6
5.Nb1c3 g6
6.Bc1e3 Bf8g7
7.Qd1d2 Nb8d7
8.Bf1e2 h6
9.Nd4b3 Nd7e5
10.h3 Bc8e6
11.Nb3d4 Qd8d7
12.Nd4xe6 Qd7xe6
13.Nc3d5 Ra8c8
14.c3 Ng8f6
15.f3 Nf6h5
16.f4 Ne5c6
17.Be2g4 Qe6xe4
18.Bg4xc8 Kd8
19.Bc8g4 Nh5g3
20.O-O-O Ng3xh1
21.Nd5xc7 Bg7f8
22.Be3b6 Nh1g3
23.Nc7d5 Ke8
24.Nd5f6 Ke7
25.Qd2xd6 { resign }
1-0

[Event "Tourn. n10185"]
[Site "www.echecsemail.com"]
[Date "2019.09.21"]
[Round "1"]
[White "Conde7"]
[Black "Asoka"]
[WhiteElo "2870"]
[BlackElo "2760"]
[Result "1-0"]
[Round "1"]
1.e4 e5
2.Ng1f3 Nb8c6
3.Bf1b5 a6
4.Bb5a4 Ng8f6
5.d3 b5
6.Ba4b3 Bf8e7
7.a4 b4
8.Nb1d2 Be7c5
9.Bb3c4 d6
10.Nd2b3 Bc5a7
11.O-O h6
12.h3 O-O
13.Rf1e1 Qd8e7
14.Bc1e3 Ba7xe3
15.Re1xe3 Rf8e8
16.d4 exd4
17.Nb3xd4 Nc6e5
18.Nf3xe5 dxe5
19.Nd4b3 a5
20.Qd1e2 c5
21.Bc4b5 Bc8d7
22.Nb3d2 Bd7xb5
23.Qe2xb5 Re8d8
24.Re3d3 Qe7c7
25.Ra1e1 Rd8c8
26.b3 g6
27.Nd2f3 Rc8d8
28.Rd3d1 Kg7
29.Qb5c4 Rd8e8
30.Re1e2 Ra8c8
31.Re2e3 Qc7c6
32.c3 Qc6b7
33.Rd1c1 Nf6d7
34.Re3e2 Nd7f6
35.g3 Qb7a8
36.Re2e3 Rc8d8
37.Qc4e2 Rd8d6
38.Kh2 Nf6d7
39.Rc1c2 bxc3
40.Rc2xc3 Qa8b7
41.Qe2c2 Rd6d4
42.Re3e2 Qb7b6
43.Kg2 Re8b8
44.Nf3d2 Qb6b4
45.Nd2f3 h5
46.Re2d2 Rb8e8
47.h4 Re8b8
48.Rd2e2 Rb8b6
49.Re2d2 Rb6b7
50.Rd2e2 Rb7b8
51.Nf3d2 Rb8d8
52.Rc3c4 Qb4b6
53.Nd2f3 Rd8b8
54.Rc4c3 Qb6e6
55.Re2e1 Qe6c6
56.Nf3d2 Qc6b6
57.Nd2c4 Qb6b4
58.Re1e2 Rb8c8
59.Qc2c1 Rc8e8
60.Re2c2 Re8e6
61.Rc3e3 f6
62.Kh2 Re6c6
63.Qc1g1 Rc6e6
64.Qg1g2 Nd7b6
65.Nc4xb6 Qb4xb6
66.Re3c3 Re6c6
67.Qg2h1 c4
68.Qh1e1 Qb6b4
69.Qe1e3 Qb4c5
70.Qe3e2 Qc5b4
71.Kg2 Kf7
72.Rc3xc4 Rc6xc4
73.Rc2xc4 Rd4xc4
74.Qe2xc4 Qb4xc4
75.bxc4 Ke7
76.f4 { resign }
1-0

[Event "Match"]
[Site "www.echecsemail.com"]
[Date "2019.09.21"]
[Round "1"]
[White "Joseph1983"]
[Black "Tbsundar"]
[WhiteElo "2260"]
[BlackElo "2150"]
[Result "1/2-1/2"]
[Round "1"]
1.d4 d5
2.c4 c6
3.cxd5 cxd5
4.Nb1c3 e6
5.Bc1f4 Nb8c6
6.e3 Ng8f6
7.Bf1d3 Bf8d6
8.Bf4xd6 Qd8xd6
9.Ng1f3 a6
10.Ra1c1 b5
11.O-O Bc8b7
12.e4 dxe4
13.Nc3xe4 Nf6xe4
14.Bd3xe4 O-O
15.Nf3e5 Ra8c8
16.Ne5xc6 Bb7xc6
17.Qd1c2 Bc6b7
18.Be4xh7 Kh8
19.Qc2d3 Qd6d5
{ draw }
1/2-1/2

[Event "Match"]
[Site "www.echecsemail.com"]
[Date "2019.09.21"]
[Round "1"]
[White "Jesmantiz"]
[Black "Apdash"]
[WhiteElo "2190"]
[BlackElo "2190"]
[Result "1/2-1/2"]
[Round "1"]
1.b3 d5
2.Bc1b2 c5
3.e3 Nb8c6
4.f4 e6
5.Ng1f3 Ng8f6
6.Bf1e2 Bf8e7
7.O-O O-O
8.Nf3e5 Bc8d7
9.a3 d4
10.c3 dxe3
11.dxe3 Nc6xe5
12.fxe5 Nf6d5
13.Rf1f3 Be7g5
14.Bb2c1 Qd8b6
15.c4 Nd5e7
16.Qd1xd7 Ra8d8
17.Qd7b5 Qb6c7
18.Nb1c3 a6
19.Qb5a4 Qc7xe5
20.e4 Bg5xc1
21.Ra1xc1 Ne7c6
22.Be2f1 Rd8d2
23.b4 cxb4
24.axb4 Qe5g5
25.Rc1b1 Nc6d4
26.Rf3g3 Qg5f4
27.Kh1 Rd2f2
28.Qa4a1 Nd4c2
29.Nc3e2 Qf4xg3
30.Ne2xg3 Nc2xa1
31.Rb1xa1 Rf8d8
32.Kg1 Rd8d2
33.Ra1b1 Rd2b2
34.Rb1d1 g6
35.b5 a5
36.c5 Rf2c2
37.Rd1d7 Rc2xc5
38.Rd7xb7 h6
39.h3 Rc5c1
40.Kh2 a4
41.Rb7a7 Rb2b3
42.Bf1e2 a3
43.b6 Rb3xb6
44.Ra7xa3 h5
45.h4 Kg7
46.Be2f3 Kh6
47.Ra3a5 f5
48.exf5 exf5
49.Ng3e2 Rc1c4
50.Kh3 Rb6b4
51.g3 Rb4b3
52.Bf3g2 Rb3e3
53.Bg2d5 Rc4b4
54.Ra5a2 f4
55.Kg2 fxg3
56.Ne2xg3 Rb4xh4
57.Ra2a6 Rh4g4
58.Bd5f3 h4
59.Kf2 Re3xf3
60.Kxf3 Rg4xg3
61.Kf2 Kh5
62.Ra6f6 g5
63.Rf6f8 Kg4
64.Rf8g8 h3
65.Rg8xg5 Kxg5
66.Kxg3 h2
67.Kxh2 Kg4
{ draw }
1/2-1/2

[Event "Match"]
[Site "www.echecsemail.com"]
[Date "2019.09.21"]
[Round "1"]
[White "Bojan"]
[Black "Apdash"]
[WhiteElo "1990"]
[BlackElo "2230"]
[Result "0-1"]
[Round "1"]
1.e4 c5
2.e5 d5
3.f4 Ng8h6
4.Ng1f3 Bc8g4
5.Bf1e2 e6
6.d4 Bg4xf3
7.Be2xf3 Nb8c6
8.c3 cxd4
9.cxd4 Nh6f5
10.g3 Nf5xd4
11.Bc1e3 Bf8b4
12.Kf2 Nd4f5
13.Be3d2 Qd8b6
14.Kg2 Bb4xd2
15.Qd1xd2 Nf5e3
16.Kh3 d4
17.Nb1a3 O-O
18.Rh1c1 Nc6a5
19.Qd2xd4 Qb6xd4
20.b3 Ra8c8
21.Rc1e1 f6
22.exf6 Rf8xf6
23.b4 Rf6h6
{ resign }
0-1

[Event "Tourn. n10156"]
[Site "www.echecsemail.com"]
[Date "2019.09.21"]
[Round "1"]
[White "Numanoid"]
[Black "Dougbeer"]
[WhiteElo "2770"]
[BlackElo "2530"]
[Result "1-0"]
[Round "1"]
1.e4 e5
2.d4 Nb8c6
3.Ng1f3 exd4
4.Bf1b5 Bf8c5
5.O-O a6
6.Bb5a4 Ng8e7
7.c3 dxc3
8.Nf3g5 c2
9.Ba4xc2 d6
10.Bc2b3 Nc6e5
11.Kh1 h6
12.f4 Bc8g4
13.Qd1e1 hxg5
14.fxe5 Bg4h5
15.Bc1xg5 dxe5
16.Qe1h4 f6
17.Bg5xf6 gxf6
18.Qh4xf6 Rh8h7
19.Nb1c3 c6
20.Ra1d1 Bc5d4
21.h3 Ne7g6
22.Bb3f7 Kd7
23.Qf6e6 Kc7
24.Bf7xg6 Bh5xg6
25.Qe6xg6 Qd8d7
26.Rd1d3 Rh7g7
27.Qg6f5 Qd7e8
28.Rd3xd4 exd4
29.Qf5f4 Kb6
30.Qf4f6 { resign }
1-0

[Event "Tourn. n10200"]
[Site "www.echecsemail.com"]
[Date "2019.09.21"]
[Round "1"]
[White "Luban"]
[Black "Goofy"]
[WhiteElo "2170"]
[BlackElo "2290"]
[Result "0-1"]
[Round "1"]
1.d4 d6
2.Ng1f3 Ng8f6
3.e3 Nb8d7
4.c4 e5
5.Qd1c2 Bf8e7
6.Nb1c3 c6
7.Bf1e2 h6
8.O-O Qd8c7
9.b3 O-O
10.Bc1b2 Rf8e8
11.Ra1c1 Nd7f8
12.dxe5 dxe5
13.Rf1d1 Nf8g6
14.h3 Bc8e6
15.Be2d3 Ng6f8
16.Nc3e4 Nf6xe4
17.Bd3xe4 Nf8d7
18.Be4f5 Be7f6
19.Rd1d2 Ra8d8
20.Rc1d1 Be6xf5
21.Qc2xf5 g6
22.Rd2xd7 gxf5
23.Rd7xc7 Rd8xd1
24.Kh2 Rd1b1
25.Bb2c3 Rb1c1
26.Bc3b2 Rc1c2
{ resign }
0-1

[Event "1/128 Finale"]
[Site "www.chess-mail.com"]
[Date "2019.09.21"]
[Round "1"]
[White "Mapudungo"]
[Black "Fereike"]
[WhiteElo "1499"]
[BlackElo "1540"]
[Result "1-0"]
[Round "1"]
1.e4 e6
2.d4 d5
3.Bc1e3 b6
4.Bf1d3 Bc8a6
5.Ng1f3 Qd8c8
6.Nb1d2 Ba6xd3
7.cxd3 Qc8a6
8.O-O Qa6xd3
9.Nf3e5 Qd3b5
10.a4 Qb5a6
11.exd5 exd5
12.Ne5xf7 Kxf7
13.Qd1h5 g6
14.Qh5xd5 { resign }
1-0

[Event "Tourn. n10219"]
[Site "www.echecsemail.com"]
[Date "2019.09.22"]
[Round "1"]
[White "Jesmantiz"]
[Black "Galiany17"]
[WhiteElo "2200"]
[BlackElo "2490"]
[Result "0-1"]
[Round "1"]
1.d4 f5
2.e3 g6
3.Bf1d3 Ng8f6
4.Nb1d2 Bf8g7
5.f4 d6
6.Ng1f3 O-O
7.c3 Nf6d5
8.Qd1e2 Nb8d7
9.O-O c6
10.a3 Nd7f6
11.c4 Nd5c7
12.Ra1b1 b6
13.b4 Bc8d7
14.e4 Nf6xe4
15.Nd2xe4 fxe4
16.Bd3xe4 d5
17.Be4c2 dxc4
18.Qe2xc4 Bd7e6
19.Qc4xc6 Ra8c8
20.Bc1b2 Be6d5
21.Qc6a4 b5
22.Qa4xa7 Nc7e6
23.Qa7a5 Rc8xc2
24.Qa5xb5 Ne6xf4
25.Rf1f2 Rc2xf2
26.Kxf2 Nf4xg2
27.Kxg2 Bd5xf3
28.Kh3 Qd8c8
29.Kg3 Qc8g4
{ resign }
0-1

[Event "Tourn. n10204"]
[Site "www.echecsemail.com"]
[Date "2019.09.22"]
[Round "1"]
[White "Tonino1"]
[Black "Bojan"]
[WhiteElo "2290"]
[BlackElo "2050"]
[Result "0-1"]
[Round "1"]
1.d4 d5
2.Ng1f3 h6
3.e3 a6
4.Bf1d3 Nb8c6
5.c3 Ng8f6
6.Nb1d2 Nc6a7
7.O-O Qd8d6
8.e4 dxe4
9.Nd2xe4 Nf6xe4
10.Bd3xe4 Bc8g4
11.h3 Bg4h5
12.g4 Bh5g6
13.Be4xg6 Qd6xg6
14.Nf3e5 Qg6f6
15.Qd1b3 Na7b5
16.Bc1e3 e6
17.Ne5c4 Bf8e7
18.a4 Nb5d6
19.Nc4xd6 Be7xd6
20.Qb3xb7 O-O
21.Qb7g2 Ra8b8
22.b4 Rf8e8
23.f4 Qf6d8
24.Ra1d1 f6
25.f5 e5
26.dxe5 fxe5
27.Be3c5 Qd8f6
28.Qg2d5 Kh8
29.Bc5xd6 cxd6
30.Qd5xd6 Qf6h4
31.Kg2 h5
32.Qd6g6 hxg4
33.hxg4 Re8e7
34.Rf1h1 Qh4xh1
 { time }
0-1

[Event "Tourn. n10202"]
[Site "www.echecsemail.com"]
[Date "2019.09.22"]
[Round "1"]
[White "Galiany17"]
[Black "Tonino1"]
[WhiteElo "2410"]
[BlackElo "2290"]
[Result "1-0"]
[Round "1"]
1.e4 d6
2.d4 Ng8f6
3.Nb1c3 c6
4.f4 Qd8a5
5.e5 Nf6e4
6.Qd1f3 d5
7.Bf1d3 e6
8.Bd3xe4 dxe4
9.Qf3xe4 Nb8d7
10.Ng1e2 Nd7b6
11.Qe4d3 Nb6d5
12.O-O Bf8e7
13.Qd3g3 O-O
14.f5 exf5
15.Nc3xd5 Qa5xd5
16.Bc1h6 g6
17.Bh6xf8 Be7xf8
18.Qg3e3 c5
19.c3 cxd4
20.cxd4 Bc8d7
21.Ne2f4 Qd5e4
22.Qe3xe4 fxe4
23.Nf4d5 Bd7c6
24.Nd5f6 Kg7
25.Kf2 Bf8e7
26.Ke3 Be7xf6
27.Rf1xf6 Ra8d8
28.Ra1f1 Bc6d5
29.a4 Rd8c8
30.Rf6d6 Bd5c4
31.Rf1c1 Bc4e6
32.Rc1xc8 Be6xc8
33.d5  { time }
1-0

[Event "Tourn. n10189"]
[Site "www.echecsemail.com"]
[Date "2019.09.22"]
[Round "1"]
[White "Johnmcbride"]
[Black "Churrasca"]
[WhiteElo "1890"]
[BlackElo "2030"]
[Result "0-1"]
[Round "1"]
1.e4 c5
2.Ng1f3 d6
3.h3 Ng8f6
4.Nb1c3 e6
5.Bf1c4 Bf8e7
6.d3 O-O
7.O-O Nb8c6
8.Bc1e3 a6
9.a3 b5
10.Bc4b3 h6
11.Nc3e2 Bc8b7
12.c4 Nc6a5
13.Bb3c2 bxc4
14.Ne2c3 cxd3
15.Bc2xd3 d5
16.exd5 exd5
17.Be3f4 d4
18.Nc3e2 Bb7xf3
19.gxf3 c4
20.Bd3e4 Nf6xe4
21.fxe4 d3
22.Ne2c3 Na5b3
23.Ra1b1 f5
24.exf5 Rf8xf5
25.Bf4g3 Qd8d7
26.Nc3e4 Nb3d4
27.Ne4d2 Ra8c8
28.h4 Nd4e2
29.Kg2 Qd7d5
30.Kh2 Rf5h5
31.f3 Be7xh4
32.Bg3xh4 Rh5xh4
33.Kg2 Qd5g5
34.Kf2 Rh4h2
35.Ke1 Qg5g3
{ resign }
0-1

[Event "Tourn. n10210"]
[Site "www.echecsemail.com"]
[Date "2019.09.22"]
[Round "1"]
[White "Luban"]
[Black "Fantomas"]
[WhiteElo "2130"]
[BlackElo "2140"]
[Result "1-0"]
[Round "1"]
1.d4 d5
2.Ng1f3 Ng8f6
3.h3 g6
4.e3 Bf8g7
5.c4 O-O
6.Nb1c3 c6
7.Bf1d3 Nb8d7
8.O-O Rf8e8
9.Rf1e1 e5
10.Qd1c2 e4
11.Bd3xe4 Nf6xe4
12.cxd5 Ne4xc3
13.dxc6 bxc6
14.bxc3 Nd7b6
15.e4 Bc8e6
16.Bc1e3 Nb6c4
17.Nf3d2 Nc4xe3
18.Re1xe3 Bg7h6
19.Re3e2 Bh6f4
20.Qc2a4 Qd8c7
21.Nd2c4 c5
22.Nc4e3 cxd4
23.cxd4 Be6d7
24.Qa4a6 Bd7c8
25.Qa6d3 a5
26.Ne3d5 Qc7d6
27.Qd3f3 Bf4g5
28.e5 Qd6d8
29.Ra1e1 Bc8e6
30.Nd5f6 Bg5xf6
31.exf6 Re8f8
32.Re2e5 Qd8xd4
33.Re1e4 Qd4d6
34.Qf3f4 Be6f5
35.Re5xf5 Qd6xf4
36.Rf5xf4 Rf8e8
37.h4 Kf8
38.g4 h6
39.g5 h5
40.Re4a4 Re8e5
41.Rf4f3 Ke8
42.Rf3e3 Re5xe3
43.fxe3 Ra8a6
44.Kf2 Ra6a7
45.e4 Kd7
46.Ke3 Ke6
47.Kd4 Ra7a6
48.Kc5 Ke5
49.Kb5 Ra6a8
50.Ra4xa5 { resign }
1-0

[Event "Tourn. n10166"]
[Site "www.echecsemail.com"]
[Date "2019.09.22"]
[Round "1"]
[White "Francesco"]
[Black "Jerome"]
[WhiteElo "2220"]
[BlackElo "2420"]
[Result "0-1"]
[Round "1"]
1.e4 c5
2.c3 Ng8f6
3.e5 Nf6d5
4.d4 cxd4
5.cxd4 d6
6.Bf1c4 Nd5b6
7.Bc4b3 dxe5
8.dxe5 Qd8xd1
9.Bb3xd1 Nb8c6
10.f4 Bc8f5
11.Ng1f3 e6
12.Nb1c3 Bf8c5
13.a3 a5
14.Nc3b5 O-O
15.Nf3h4 Bf5d3
16.Bd1e2 Bd3xb5
17.Be2xb5 Nc6d4
18.Bb5d3 Nb6d5
19.Bd3e4 Ra8c8
20.Nh4f3 Nd4b3
21.Ra1b1 Nb3xc1
22.Rb1xc1 Bc5xa3
23.Rc1xc8 Rf8xc8
24.O-O Ba3xb2
25.Rf1b1 Rc8c1
26.Rb1xc1 Bb2xc1
{ resign }
0-1

[Event "Tourn. n10174"]
[Site "www.echecsemail.com"]
[Date "2019.09.22"]
[Round "1"]
[White "Galiany17"]
[Black "Tartan"]
[WhiteElo "2259"]
[BlackElo "2490"]
[Result "1/2-1/2"]
[Round "1"]
1.d4 Ng8f6
2.c4 e6
3.Ng1f3 d5
4.g3 c6
5.Bf1g2 Nb8d7
6.cxd5 exd5
7.Nb1c3 Bf8d6
8.Nf3d2 O-O
9.O-O Qd8b6
10.e4 Qb6xd4
11.exd5 Nf6xd5
12.Nc3xd5 cxd5
13.Nd2e4 Bd6e5
14.Qd1xd4 Be5xd4
15.Rf1d1 Bd4xb2
16.Bc1xb2 dxe4
17.Ra1c1 Nd7f6
18.Bb2xf6 gxf6
19.Bg2xe4 Bc8e6
20.Be4xb7 Ra8b8
21.Bb7d5 Rb8d8
22.Bd5xe6 Rd8xd1
23.Rc1xd1 fxe6
24.Rd1d6 e5
25.g4 Rf8f7
26.Kg2 Kg7
27.Rd6a6 Kg6
28.h4 h6
29.f3 Rf7c7
30.h5 Kf7
31.Kg3 Rc7d7
32.Kf2 Rd7c7
33.Ke3 Rc7c3
34.Ke4 Rc3c4
35.Ke3 Rc4c3
36.Kd2 Rc3xf3
37.Ra6xa7 Ke6
38.Ra7a6 { draw }
1/2-1/2